Toutes les communes du canton des Herbiers (85) - Statistiques

Statistiques générales
  • Ce quiz a été pris 18 fois
  • Le résultat moyen est 8 sur 14
Réponses sur la Carte
Les réponses sont colorées sur une échelle allant du rouge au vert en fonction du pourcentage des utilisateurs qui les ont devinées à leur premier essai. Vous pouvez retrouver ces pourcentages ci-dessous.
 
Statistiques - réponses
Commune % Correct
Les Herbiers
86%
Les Epesses
71%
Mouchamps
71%
Pouzauges
71%
Saint-Mars-la-Réorthe
71%
Saint-Paul-en-Pareds
71%
Sèvremont
71%
Réaumur
57%
Saint-Mesmin
57%
La Meilleraie-Tillay
43%
Chavagnes-les-Redoux
29%
Monsireigne
29%
Montournais
29%
Tallud-Sainte-Gemme
29%
Aucun quiz correspondant
Distribution des résultats
% des personnes avec chaque résultat
Percentile par nombre de réponses
Votre historique - résultats
Vous n’avez pas pris ce quiz